000 00425nam a2200169Ia 4500
008 230711s9999||||xx |||||||||||||| ||und||
020 _a978-93-8015-600-2
041 _aENG
082 _a671
_bSI-F
100 _aSingh,D.K
245 0 _aFundamentals of manufacturing engineering
250 _a2nd Ed.
260 _c2011
_aNew Delhi
_bAne Books Pvt.Ltd
300 _a579p.
650 _aMechanical Engineering
942 _cBK
999 _c6100
_d6100